Statystyki dla Powiedz, czego nie muszą kupować łysi.

Kliknij tutaj aby rozwiązać quiz!

Ogólne statystyki

  • Ten quiz został rozwiązany 24 razy
  • Średni wynik to 3 z 5

Statystyki odpowiedzi

HintOdpowiedź% Poprawnych
3.Grzebienia
95%
1.Szamponu
95%
2.Odżywki
70%
4.Suszarki
50%
5.Lokówki
15%

Rozkład punktacji

Percentyl według liczby udzielonych odpowiedzi

Procent ludzi z każdym wynikiem

Twoja historia wyników

Nie rozwiązałeś tego quizu